00817nam a2200205Ia 4500003000900000008004100009020003100050022002200081022002300103040001600126100002600142245006900168260003100237300001000268490002800278856010800306942000700414999001700421952017300438IN-BaIIA211028s9999 xx s 000 0 eng d a978-2-7598-0958-5 (Online) a1633-4760 (Print) a1638-1963 (Online) cIIA Library aMary, D., ed. 938232 0aNew Concepts in Imaging: Optical and Statistical Modelsh[eBook] aFrancebEDP Sciencesc2013 a437p. aEAS Publications Series uhttps://www.eas-journal.org/articles/eas/abs/2013/01/contents/contents.htmlyClick Here to Access eBook cEB c20653d20653 00104070aBANbBANd2013-01-01eEDP ScienceshV. 59l0pEB113r2021-11-05uhttps://www.eas-journal.org/articles/eas/abs/2013/01/contents/contents.htmlw2021-11-05yEB